[Event "LN Tolstoy Memorial 2021"]
[Site "Yasnaya Polyana"]
[Date "2021.09.11"]
[Round "5.5"]
[White "Paravyan, David"]
[Black "Korobov, Anton"]
[Result "1-0"]
[WhiteElo "2660"]
[BlackElo "2685"]
[Annotator "TA"]
[PlyCount "39"]
[EventDate "2021.09.11"]
[EventType "tourn"]
[EventCountry "RUS"]
[SourceTitle "playchess.com"]
[Source "ChessBase"]
[SourceQuality "1"]

{[%evp 12,39,28,11,31,10,8,0,0,19,42,44,55,52,54,47,112,106,125,79,82,69,143,
26,591,578,918,937,864,567]} 1. e4 c5 2. Nf3 d6 3. d4 cxd4 4. Nxd4 Nf6 5. Nc3
a6 6. h3 Nc6 7. Be3 e5 {B90: Sicilian Najdorf: Unusual White 6th moves, 6 Be3
Ng4 and 6 Be3 e5.} 8. Nb3 Be6 9. Qf3 Be7 {The position is equal.} 10. O-O-O O-O
11. g4 Rc8 12. g5 Nd7 13. h4 {[#]} Nb6 $146 (13... Nb4 $14) ({Predecessor:} 
13... Nb4 14. Kb1 f5 15. Bh3 Bxb3 16. cxb3 Qa5 17. Qe2 d5 18. a3 d4 19. axb4
Bxb4 20. Na2 {1-0 (20) Sprenger,J (2513)-Kantans,T (2524) Antalya 2017}) 14.
Kb1 $16 Nc4 15. Nd5 b5 16. Rg1 a5 ({Better is} 16... Kh8 $14) 17. Bh3 ({
White should play} 17. Bxc4 $16 bxc4 {[#]} 18. Bb6 $1 cxb3 19. Bxd8 bxc2+ 20.
Kxc2 Nd4+ {[%mdl 64] Discovered Attack (Double check)} 21. Kb1 Nxf3 22. Nxe7+ {
[%mdl 64] Discovered Attack} Kh8 23. Nxc8 Nxg1 24. Nxd6) 17... Qd7 $2 {[%mdl
8192] [#]} (17... Kh8 $11) 18. Nc5 $1 $18 {[%mdl 512] White is clearly winning.
} Nd4 (18... Qe8 19. Nxe6) 19. Nxd7 Nxf3 20. Nxe7+ {Weighted Error Value:
White=0.23/Black=0.81} 1-0

[Event "LN Tolstoy Memorial 2021"]
[Site "Yasnaya Polyana"]
[Date "2021.09.12"]
[Round "6.1"]
[White "Matlakov, Maxim"]
[Black "Korobov, Anton"]
[Result "1/2-1/2"]
[WhiteElo "2683"]
[BlackElo "2685"]
[Annotator "TA"]
[PlyCount "99"]
[EventDate "2021.09.11"]
[EventType "tourn"]
[EventCountry "RUS"]
[SourceTitle "playchess.com"]
[Source "ChessBase"]
[SourceQuality "1"]

{[%evp 12,99,16,6,13,14,18,3,4,4,26,31,41,21,39,43,29,30,38,29,52,33,49,0,39,0,
110,58,78,76,70,45,52,63,64,45,38,39,46,9,29,22,21,21,25,28,36,0,0,0,0,0,18,0,
16,14,20,0,0,0,0,0,0,0,0,0,0,0,0,0,0,0,0,0,0,0,0,0,0,0,0,0,0,0,0,0,0,0,0,0]} 1.
e4 c5 2. Nf3 d6 3. d4 cxd4 4. Nxd4 Nf6 5. Nc3 a6 6. Bg5 Nbd7 7. Bc4 {7.Qe2 is
the recent fashion.} Qb6 {B94: Sicilian Najdorf: 6 Bg5 Nbd7.} 8. Bb3 e6 9. Bxf6
Nxf6 10. Qd2 {10.f4 is vanishing.} g6 11. O-O-O Bg7 12. Kb1 O-O 13. f4 Bd7 14.
f5 {[%cal Rf5e6]} exf5 15. exf5 {[#]} Rae8 $146 ({Predecessor:} 15... a5 16. a4
d5 17. Qf4 Rac8 18. Qf3 Bc6 19. fxg6 hxg6 20. Rhf1 Rce8 21. g4 Ne4 {1/2-1/2 
(46) Eliseev,N (2059)-Jensen,E (2445) ICCF email 2017}) 16. fxg6 hxg6 17. Rhf1
a5 18. Qd3 Kh7 (18... d5 $11) 19. h3 ({Better is} 19. Nf3 $16 {Hoping for Ng5+.
} Bf5 20. Qxd6 Qxd6 21. Rxd6) 19... Qc5 20. Nf3 Bc6 21. Qxd6 Qxd6 22. Rxd6 Kh6
23. a4 Ne4 24. Nxe4 Rxe4 25. Nd2 Re7 26. g4 Be5 27. Rd3 f5 28. gxf5 gxf5 29.
Bd5 Bxa4 {The position is equal.} 30. Nc4 Bc7 31. Bxb7 f4 32. b3 Bd7 33. Bf3 a4
34. Kb2 axb3 35. cxb3 Rg8 36. Bg4 Bxg4 37. hxg4 Rxg4 38. b4 Rg3 39. Kc3 Kg5 40.
b5 Re6 41. Rb1 f3 42. b6 Bf4 43. b7 f2 44. Rxg3+ Bxg3 $11 {[%mdl 4096] Endgame
KRB-KRN} 45. Nd2 Re8 46. Kd3 Kg4 47. Ne4 Kf3 48. Nxf2 Rd8+ 49. Kc4 {[#] Nd3 is
the strong threat.} Kxf2 50. Rb3 {Weighted Error Value: White=0.08/Black=0.09}
1/2-1/2

[Event "LN Tolstoy Memorial 2021"]
[Site "Yasnaya Polyana"]
[Date "2021.09.12"]
[Round "6.3"]
[White "Alekseenko, Kirill"]
[Black "Tomashevsky, Evgeny"]
[Result "1/2-1/2"]
[WhiteElo "2693"]
[BlackElo "2708"]
[Annotator "TA"]
[PlyCount "71"]
[EventDate "2021.09.11"]
[EventType "tourn"]
[EventCountry "RUS"]
[SourceTitle "playchess.com"]
[Source "ChessBase"]
[SourceQuality "1"]

{[%evp 9,71,4,10,15,15,1,4,-39,11,-43,-34,-35,-30,-37,-31,-41,-29,-28,-39,-39,
1,-22,0,-12,0,-18,0,0,-13,-16,-23,-16,0,-22,0,-25,-14,-10,0,-9,0,-35,-22,-49,
-10,-58,-58,-79,-71,-79,-69,-223,-8,-8,-8,-8,-7,-7,-8,-5,-5,-7,0,-6]} 1. e4 e5
2. Nf3 Nc6 3. Bb5 Nf6 4. d3 Bc5 5. Bg5 Be7 6. O-O {C65: Ruy Lopez: Berlin
Defence (3...Nf6), unusual lines and 4 0-0 Bc5.} h6 7. Bh4 d6 {[#]} 8. c3 $146
({Predecessor:} 8. d4 O-O 9. Bxc6 bxc6 10. dxe5 Nxe4 11. Bxe7 Qxe7 12. Re1 d5
13. Nbd2 Nxd2 14. Qxd2 {1/2-1/2 (61) Carlsen,M (2837)-Eljanov,P (2711) Riadh
2017}) 8... O-O (8... g5 $5 {[%cal Rg5h4]} 9. Bg3 O-O $11) 9. h3 ({Better is} 
9. Nbd2 $11) 9... Nh5 $15 10. Bg3 Nxg3 11. fxg3 Nb8 12. d4 c6 13. Ba4 Nd7 14.
Nbd2 g6 15. Kh2 Kg7 16. Qe2 a5 {[%cal Ba7a5,Ba5a4][%mdl 32]} 17. Bc2 a4 18. Nc4
{[%cal Rd4e5]} Qc7 19. Rad1 b5 20. Ne3 Nf6 {[%cal Bd7f6,Bf6h7,Bh7g5][%mdl 32]}
21. Qf2 Bd7 22. Kh1 Rae8 23. g4 Nh7 24. Qg3 {[%cal Rd4e5]} Bd8 25. Rd2 Bc8 26.
Rdf2 Ng5 27. dxe5 dxe5 28. h4 Nxf3 29. Rxf3 Qe7 30. Nf5+ Bxf5 $2 (30... gxf5
$19 31. gxf5+ Kf6) 31. exf5 $11 {[#] Hoping for f6+.The position is equal.}
Qxh4+ 32. Qxh4 Bxh4 33. fxg6 fxg6 34. Rxf8 Rxf8 35. Rxf8 Kxf8 36. Be4 {
Weighted Error Value: White=0.21/Black=0.21} 1/2-1/2

[Event "LN Tolstoy Memorial 2021"]
[Site "Yasnaya Polyana"]
[Date "2021.09.12"]
[Round "6.4"]
[White "Giri, Anish"]
[Black "Andreikin, Dmitry"]
[Result "1/2-1/2"]
[WhiteElo "2777"]
[BlackElo "2728"]
[Annotator "TA"]
[PlyCount "90"]
[EventDate "2021.09.11"]
[EventType "tourn"]
[EventCountry "RUS"]
[SourceTitle "playchess.com"]
[Source "ChessBase"]
[SourceQuality "1"]

{[%evp 9,90,35,33,23,29,18,35,34,19,27,19,25,20,15,17,18,21,13,12,15,20,19,41,
25,28,18,18,10,12,12,12,12,18,0,28,12,11,8,28,31,30,27,31,33,29,24,30,19,43,49,
47,50,43,40,30,22,35,21,21,0,59,59,59,59,59,59,59,59,59,59,59,59,59,28,59,0,59,
28,28,0,59,28,59]} 1. d4 d5 2. c4 c6 3. Nf3 Nf6 4. Nc3 a6 5. e3 Bf5 6. Ne5 {
D15: Slav Defence: 4 Nc3 a6 and gambit lines after 4 Nc3 dxc4.} Nbd7 7. Qb3 Qc7
8. cxd5 {White is slightly better.} Nxe5 9. dxe5 Nxd5 10. Nxd5 cxd5 11. Bd2
Qxe5 12. Rc1 Bd7 13. Bc3 Qc7 14. Qxd5 Bc6 15. Qg5 {[#]} Qd6 $146 ({Predecessor:
} 15... h6 16. Qg4 e6 17. Be2 h5 18. Qh3 Rh6 19. O-O g5 {1-0 (52) Andreikin,D 
(3040)-Krishna,C (2473) Chess.com INT 2020}) 16. Bc4 (16. f3 {keeps more
tension.} Qg6 17. Qe5 Rd8 18. Kf2 e6 19. Be2) 16... Qg6 17. Qxg6 hxg6 18. f3 e6
19. Kf2 Rc8 20. h3 Rh5 21. Bb3 Rc5 22. Bd4 Rxc1 23. Rxc1 Bd7 24. Rxc8+ Bxc8 $11
{[%mdl 4096] Endgame KBB-KBB} 25. Bc2 g5 26. f4 gxf4 27. exf4 f5 28. Bd1 Bd6
29. Bxg7 {aiming for Ke3.} Bxf4 30. Bh5+ Ke7 31. h4 Bd7 32. Bg6 (32. g4 {
with more complications.} fxg4 33. Bxg4 Kf7 34. Bd4 Kg6 35. b3) 32... Be8 33.
Bxe8 (33. Kf3 {seems wilder.} Bh6 34. Bxh6 Bxg6 35. Kf4 Be8 36. Bg7) 33... Kxe8
$14 {KB-KB} 34. Kf3 Bc1 (34... e5 $1 $11) 35. h5 Kf7 36. Be5 Bd2 37. g4 Bc1 38.
b3 Bd2 39. Bf4 Bc3 40. Bg5 Be5 41. Bh4 Bb2 42. Bg5 (42. Be1 $14) 42... Bc3 (
42... Be5 $11) 43. Kg3 Be1+ 44. Kf3 Bc3 $1 45. Bd8 Bb2 {Weighted Error Value:
White=0.08/Black=0.09} 1/2-1/2

[Event "LN Tolstoy Memorial 2021"]
[Site "Yasnaya Polyana"]
[Date "2021.09.12"]
[Round "6.5"]
[White "Vitiugov, Nikita"]
[Black "Abdusattorov, Nodirbek"]
[Result "0-1"]
[WhiteElo "2727"]
[BlackElo "2648"]
[Annotator "TA"]
[PlyCount "62"]
[EventDate "2021.09.11"]
[EventType "tourn"]
[EventCountry "RUS"]
[SourceTitle "playchess.com"]
[Source "ChessBase"]
[SourceQuality "1"]

{[%evp 11,62,6,15,0,0,4,18,22,13,7,24,-15,-10,-23,-38,-72,-60,-77,-76,-84,-56,
-73,-83,-102,-87,-87,-92,-89,-76,-170,-173,-170,-172,-163,-161,-186,-180,-194,
-186,-479,-470,-1141,-1141,-29983,-29984,-29992,-29993,-29993,-29994,-29994,
-29995,-29995,-29996]} 1. e4 c5 2. Nf3 d6 3. d4 cxd4 4. Nxd4 Nf6 5. Nc3 g6 6.
g3 Nc6 $1 {[%mdl 4] is recently more successful than 6...Bg7.} 7. Nxc6 {
B70: Sicilian Dragon: 6 g3 and 6 Be2 (without a later Be3).} bxc6 8. Bg2 Qc7 9.
b3 {The position is equal.} Bg7 {Threatens to win with ...Nxe4!} 10. Bb2 {[#]}
Ba6 $1 $146 {[%mdl 8] An important novelty.} ({Predecessor:} 10... O-O 11. O-O
Ba6 12. Re1 Rad8 13. Qd4 e5 14. Qd2 Nd7 15. Na4 Bb5 16. Nc3 Ba6 {1/2-1/2 (58)
Wang,H (2722)-Wojtaszek,R (2727) Douglas 2018}) 11. Ne2 O-O 12. O-O d5 13. exd5
cxd5 {[%cal Bc6d5,Bd5d4][%mdl 32]} 14. Re1 e5 $1 15. Nc3 d4 {[%cal Rd4c3]} 16.
Na4 (16. Bxa8 $2 dxc3 17. Bxc3 Qxc3 $19) 16... Rad8 {Black converts the
advantage convincingly.} 17. Qd2 Rfe8 18. c3 {[%cal Rc3d4]} d3 19. c4 Bb7 20.
Rad1 (20. Bxb7 $17 {was called for.} Qxb7 21. Nc3 (21. Bxe5 Ne4 $17) (21. Rxe5
Rxe5 22. Bxe5 Ne4 $17)) 20... Bxg2 $19 21. Kxg2 Qc6+ 22. Kg1 e4 23. h3 e3 $36 {
[%mdl 2048] Keeping White busy.} 24. Rxe3 {Strongly threatening Qa5.} Ne4 25.
Qa5 {[#]} (25. Rxe4 Qxe4 26. Bxg7 Kxg7 27. Nc3) 25... Nxf2 $1 {[%mdl 512] ( ->
...Qh1+)} 26. Kxf2 (26. Rd2 $142 Qh1+ 27. Kxf2 Qh2+ 28. Kf1 Qxh3+ 29. Kf2 (29.
Kg1 $2 Rxe3 30. Qxd8+ Bf8 $19)) 26... Bxb2 27. Nxb2 Qf6+ {[%mdl 64] Double
Attack. Black mates.} 28. Rf3 Re2+ 29. Kg1 Qxf3 {[%csl Ge2][%cal Rf3g2]} 30.
Qxd8+ Kg7 {[%csl Ge2][%cal Rf3g2]} 31. Qd4+ {[#]} f6 $1 {[%csl Ge2][%cal Rf3g2]
Weighted Error Value: White=0.72/Black=0.02} 0-1

[Event "LN Tolstoy Memorial 2021"]
[Site "Yasnaya Polyana"]
[Date "2021.09.12"]
[Round "7.1"]
[White "Abdusattorov, Nodirbek"]
[Black "Matlakov, Maxim"]
[Result "1-0"]
[WhiteElo "2648"]
[BlackElo "2683"]
[Annotator "TA"]
[PlyCount "125"]
[EventDate "2021.09.11"]
[EventType "tourn"]
[EventCountry "RUS"]
[SourceTitle "playchess.com"]
[Source "ChessBase"]
[SourceQuality "1"]

{[%evp 9,125,0,0,-6,-4,-8,4,-7,7,5,13,10,0,-17,-4,12,11,16,24,9,10,14,13,-30,0,
0,32,-25,-13,-46,-17,-25,-7,-13,0,0,0,0,0,0,24,0,14,8,12,18,27,8,157,170,181,
117,238,213,252,235,204,133,136,147,158,113,145,95,114,72,77,65,67,47,134,49,
138,147,133,106,123,119,133,127,166,166,158,158,177,173,158,80,84,89,77,77,77,
79,86,21,218,0,327,316,6528,6432,4821,1414,1320,1375,1319,1098,1235,1180,1153,
1095,1217,1197,1094,1055,29985,29986]} 1. c4 e5 2. Nc3 Bb4 3. Nd5 Be7 4. Nf3 d6
5. e4 Nf6 6. Nxe7 {A21: English Opening: 1...e5 2 Nc3.} Qxe7 7. d3 Bg4 8. Be2 {
The position is equal.} Nc6 9. O-O O-O 10. Be3 {[#]} a5 $146 ({Predecessor:} 
10... Bxf3 11. Bxf3 Nd7 12. Bg4 Nc5 13. g3 a6 14. Qd2 b5 15. cxb5 axb5 16. Rfc1
Nd4 17. Bxd4 exd4 {1/2-1/2 (53) Caruana,F (2828)-Harikrishna,P (2726) Saint
Louis 2019}) 11. Nh4 Bxe2 12. Qxe2 g6 13. g3 Nh5 {[#]} 14. Nf5 $1 Qe6 15. Bh6
Rfe8 16. Rae1 Kh8 17. Nh4 b5 18. b3 (18. cxb5 $14 Nd4 {[%mdl 64] Double Attack}
19. Qd2) 18... a4 19. Be3 axb3 20. axb3 bxc4 21. bxc4 Nf6 22. f4 exf4 23. Bxf4
Nd7 24. Bc1 f6 25. Bb2 Kg8 26. Ng2 {Black should prevent Nf4.} Ra2 27. Nf4 Qf7
28. Ra1 Rea8 (28... Rxa1 $11 29. Rxa1 f5) 29. Nd5 $16 Nce5 30. Nxc7 (30. d4 $18
Nc6 31. Nxc7 Nxd4 32. Qd1 Rxa1 33. Bxa1) 30... R8a5 (30... R8a3 $16 {was worth
a try.}) 31. Nd5 $18 Qe6 32. Rxa2 Rxa2 33. Ra1 Rxa1+ 34. Bxa1 h5 35. Bc3 Kh7
36. Nf4 Qe8 37. Bb4 Qb8 38. Nd5 Kg7 $1 39. Kg2 Nc6 ({Black should play} 39...
Nb6 $14 40. Bc3 Nxd5 41. exd5 (41. cxd5 Qb5 $16) 41... Qb1) 40. Bc3 (40. Ba3 $1
$16) 40... Nce5 ({Black should try} 40... Qb3 $14) 41. d4 $36 {[%mdl 2048]
White is in control.} Nf7 42. Nf4 Qb3 43. Be1 Ng5 44. h4 Nf7 45. g4 hxg4 46.
Qxg4 {[%mdl 64] Double Attack} Nf8 47. Nh5+ $1 Kh8 {[#]} 48. Qc8 $1 Qc2+ 49.
Kg1 Kg8 50. Nxf6+ Kg7 51. Ne8+ Kg8 52. Bf2 (52. Qg4 $16) 52... Kh7 $2 {[#]} (
52... Qb1+ $1 $11 53. Kh2 Qc2 54. Nf6+ Kg7) 53. Qc7 $2 (53. Nxd6 $1 $18 {
[%mdl 512]} Qb1+ 54. Kh2) 53... Qc1+ $2 {[%mdl 8192]} (53... Qd1+ $1 $11 {
and Black has nothing to worry.} 54. Kh2 (54. Kg2 Qg4+ 55. Kf1 Qd1+ 56. Be1
Qf3+ 57. Kg1 Qg4+ 58. Kf2 Qf4+ 59. Kg1 Qg4+ 60. Kf2 Qf4+ 61. Kg1 Qg4+ $11)
54... Qf3) 54. Kg2 Qf4 {[#]} (54... Kg8 55. Nxd6 Nxd6) 55. Nxd6 $1 $18 {
[%mdl 576] Pin} Qg4+ (55... Kg8 56. Qxf7+) 56. Kf1 Qd1+ {[#]} 57. Be1 $1 Qf3+ {
[#]} 58. Kg1 $1 Qg4+ 59. Kf2 Qxh4+ 60. Ke2 Qh2+ 61. Bf2 Qxd6 62. Qxf7+ Kh8 63.
d5 {Weighted Error Value: White=0.25/Black=0.34} 1-0

[Event "LN Tolstoy Memorial 2021"]
[Site "Yasnaya Polyana"]
[Date "2021.09.12"]
[Round "7.2"]
[White "Andreikin, Dmitry"]
[Black "Vitiugov, Nikita"]
[Result "1-0"]
[WhiteElo "2728"]
[BlackElo "2727"]
[Annotator "TA"]
[PlyCount "71"]
[EventDate "2021.09.11"]
[EventType "tourn"]
[EventCountry "RUS"]
[SourceTitle "playchess.com"]
[Source "ChessBase"]
[SourceQuality "1"]

{[%evp 12,71,45,14,72,25,29,26,28,33,56,0,0,0,0,0,0,0,0,-13,0,0,0,-27,-24,-68,
-64,-66,-61,-64,-78,-79,-70,-101,-77,-95,-33,-29,-45,-50,-47,-58,29,13,44,-202,
-8,-8,-8,-8,-8,-8,89,97,197,150,917,913,29975,29976,29976,4537]} 1. d4 Nf6 2.
c4 g6 3. Nc3 Bg7 4. e4 d6 5. h3 O-O 6. Be3 Nc6 7. Nf3 Re8 {E90: King's Indian:
Classical: Early deviations and 6 h3.} (7... e5 $11) 8. d5 Nb4 9. a3 Na6 {
White has an edge.} 10. Bd3 e6 {[#]} 11. dxe6 $1 $146 {[%mdl 8] A top novelty.}
(11. O-O $14) ({Predecessor:} 11. O-O Nc5 12. Bc2 a5 13. e5 Nh5 14. g4 exd5 15.
cxd5 b6 16. Re1 dxe5 17. gxh5 Bxh3 {1-0 (33) Studer,N (2580)-Lagarde,M (2655)
Europe Echecs INT 2020}) 11... Bxe6 $11 12. b4 Ng4 13. Bd2 Ne5 14. Nxe5 dxe5
15. Be3 Nb8 16. O-O Nc6 17. Nd5 Nd4 18. f4 exf4 19. Bxf4 Rc8 20. Ra2 c6 21. Ne3
Qh4 22. Raf2 Rcd8 23. c5 h5 (23... Nb5 $17 24. Qe2 Nxa3) 24. Qb1 b5 25. e5 {
White wants to play Bxg6!} Rd7 26. Be4 Bc4 (26... a5 $15) 27. Nxc4 bxc4 28. Qc1
$2 (28. b5 $14 {keeps the upper hand.}) 28... g5 $2 ({Not} 28... Bxe5 29. Qxc4
Re6 30. Bxe5 $11) (28... Rxe5 $19 29. Re1 (29. Bxe5 Bxe5 30. Qe3 Re7 $17) 29...
Re6) 29. Qxc4 gxf4 30. Rxf4 {[%mdl 64] [#] Double Attack} Qd8 31. Rxf7 {
[%csl Gf1][%cal Rf7f8]} Ne6 (31... Kh8 $11 {remains equal.}) 32. Bg6 $16 {
aiming for R7f5.} Ree7 (32... Rde7 $16 {was worth a try.}) 33. R7f5 ({Much
less strong is} 33. Bxh5 $6 Kh8 $16) 33... Rd4 $2 (33... Rd5 $16 34. Bxh5 Nd4)
34. Bf7+ $18 {[%mdl 64] [#] Double Attack} Kh8 35. Rxh5+ Bh6 36. Rxh6+ {
Weighted Error Value: White=0.26/Black=0.63} (36. Qc2 $142 Rd3 37. Rxh6+ Kg7
38. Rg6+ Kh7 39. Rxe6 Qd4+ 40. Kh1 Rxf7 {[%mdl 64] Remove Defender} 41. Rxf7+
Kg8 42. Rf1) 1-0

[Event "LN Tolstoy Memorial 2021"]
[Site "Yasnaya Polyana"]
[Date "2021.09.12"]
[Round "7.3"]
[White "Tomashevsky, Evgeny"]
[Black "Giri, Anish"]
[Result "0-1"]
[WhiteElo "2708"]
[BlackElo "2777"]
[Annotator "TA"]
[PlyCount "54"]
[EventDate "2021.09.11"]
[EventType "tourn"]
[EventCountry "RUS"]
[SourceTitle "playchess.com"]
[Source "ChessBase"]
[SourceQuality "1"]

{[%evp 12,54,0,0,4,0,0,-24,-31,-30,-23,-37,-23,-25,-25,-70,-49,-68,-55,-75,-62,
-167,-179,-292,-176,-276,-128,-143,-124,-113,-121,-127,-129,-172,-177,-266,
-263,-304,-281,-437,-212,-341,-329,-390,-379]} 1. Nf3 d5 2. b3 Bf5 3. Bb2 e6 4.
e3 Nf6 5. Be2 h6 6. c4 c6 7. O-O Nbd7 {A12: English Opening: 1...c6 with b3 by
White.} 8. Nc3 Bd6 9. cxd5 exd5 {Black has an edge.} 10. a3 a5 {[#]} 11. d3
$146 ({Predecessor:} 11. Qc1 O-O 12. h3 Re8 13. Re1 Bb8 14. Na4 Qc7 15. d3 Qd6
16. Bf1 Bg6 17. g3 {1/2-1/2 (60) Classen,H (1997)-Bock,J (2195) Goch 1996})
11... Bh7 12. e4 dxe4 13. dxe4 Qe7 14. Re1 {Threatens to win with Nb5!} O-O $1
15. Bf1 Rad8 16. Nd2 ({White should play} 16. Nd5 $15 cxd5 17. e5 Nxe5 18. Bxe5
) 16... Ne5 $19 {And now ...Nfg4 would win.} 17. h3 (17. Be2 $142) 17... Bc5 {
...Nfg4! is the strong threat.} 18. Qc2 {[#]} (18. Na4 $142 Ba7 19. Qc2) 18...
Nh5 (18... Bxf2+ $1 $19 {[%mdl 512]} 19. Kxf2 Qc5+ 20. Ke2 Nh5 {[%mdl 64] Decoy
}) 19. Na4 Ba7 $40 {[%mdl 128] Strongly threatening ...Qg5. Black attacks with
force.} 20. Bxe5 Qxe5 21. Nf3 Qe7 22. Qc3 Nf6 ({Much less strong is} 22... Bxe4
23. Qxa5 b5 24. Rxe4 $17) 23. Qxa5 (23. Bd3 $142) 23... b5 24. Nb2 Nxe4 ({Not} 
24... Bxe4 25. Nd3 $17) 25. Re2 (25. Nd3 {was called for.}) 25... Bc5 (25...
Bxf2+ $142 26. Rxf2 Nxf2) 26. Qe1 (26. Rc1 {was necessary.}) 26... Qf6 {
Hoping for ...Nxf2.} ({But not} 26... Bxa3 27. Qc1 $19) 27. b4 Bb6 {Weighted
Error Value: White=0.45/Black=0.32} 0-1

[Event "LN Tolstoy Memorial 2021"]
[Site "Yasnaya Polyana"]
[Date "2021.09.12"]
[Round "7.4"]
[White "Paravyan, David"]
[Black "Alekseenko, Kirill"]
[Result "1-0"]
[WhiteElo "2660"]
[BlackElo "2693"]
[Annotator "TA"]
[PlyCount "71"]
[EventDate "2021.09.11"]
[EventType "tourn"]
[EventCountry "RUS"]
[SourceTitle "playchess.com"]
[Source "ChessBase"]
[SourceQuality "1"]

{[%evp 18,71,15,1,20,24,20,26,17,18,11,25,22,0,79,79,78,62,196,199,362,381,343,
282,292,253,254,251,248,248,248,199,304,293,274,289,254,213,331,320,300,305,
562,539,528,464,450,443,548,534,803,779,1174,944,863,728]} 1. e4 e5 2. Nf3 Nc6
3. Nc3 Nf6 4. d4 exd4 5. Nxd4 Bb4 6. Nxc6 bxc6 7. Bd3 O-O 8. O-O Re8 9. Bg5 {
The main line 9.Bg5 scores better than 9.Qf3.} h6 10. Bh4 d5 {C47: Scotch Four
Knights and Four Knights with 4 g3.} 11. exd5 g5 {aiming for ...Bxc3.} 12. Bg3
cxd5 {White has an edge.} 13. Nb5 {[%cal Bc3b5,Bb5d4,Bd4c6,Bc6e5][%mdl 32]} Ba5
{[#]} 14. c4 $146 ({Predecessor:} 14. b4 Bb6 15. c4 dxc4 16. Bxc4 Be6 17. Rc1
Bxc4 18. Rxc4 Qd5 19. Qxd5 Nxd5 20. h4 {1/2-1/2 (31) Lin,C (2448)-Zhou,W (2627)
China 2015}) 14... a6 15. Nd4 {Black must now prevent Nc6.} Bb6 (15... dxc4 $11
16. Bxc4 Bb6) 16. Nc6 $1 $16 {[%cal Rc6d8]} Qd7 17. Ne5 {[%cal Re5d7]} Qe6 {[#]
} (17... Qe7 $14) 18. Rc1 $1 $18 Bb7 $2 (18... Qe7 {was worth a try.} 19. cxd5
Bb7) 19. c5 Ba7 20. Re1 Rad8 21. Qb3 Ba8 22. f3 Nh5 23. Bf2 Nf4 24. Ng4 Qc6 {
[#]} 25. Rxe8+ $1 Rxe8 26. Bd4 Re6 27. Qc3 Bb7 (27... h5 $142) 28. Bf1 Bc8 29.
b4 {[%cal Bb2b4,Bb4b5,Bb5b6][%mdl 32]} a5 $2 (29... f5 {was called for.}) 30.
b5 {White is clearly winning.} Qe8 31. Nf6+ Rxf6 32. Bxf6 Bf5 33. Bd4 c6 34.
Re1 Qd7 35. b6 Bb8 36. Be5 {White took control after the opening.  Weighted
Error Value: White=0.12/Black=0.42} 1-0

[Event "LN Tolstoy Memorial 2021"]
[Site "Yasnaya Polyana"]
[Date "2021.09.12"]
[Round "7.5"]
[White "Korobov, Anton"]
[Black "Gelfand, Boris"]
[Result "1/2-1/2"]
[WhiteElo "2685"]
[BlackElo "2680"]
[Annotator "TA"]
[PlyCount "29"]
[EventDate "2021.09.11"]
[EventType "tourn"]
[EventCountry "RUS"]
[SourceTitle "playchess.com"]
[Source "ChessBase"]
[SourceQuality "1"]

{[%evp 9,29,17,16,0,-2,-6,-9,-16,1,-15,-13,-7,0,0,5,5,7,19,12,0,0,0]} 1. d4 Nf6
2. c4 e6 3. Nc3 Bb4 4. Nf3 O-O 5. Bg5 c5 {The position is equal.} 6. dxc5 {
E21: Nimzo-Indian: 4 Nf3.} Na6 {[%cal Bb8a6,Ba6c5,Bc5e4][%mdl 32]} 7. Bd2 Nxc5
{[#]} 8. e3 $146 ({Predecessor:} 8. Ne5 Bxc3 9. Bxc3 Nce4 10. Qd4 Nxc3 11. Qxc3
Ne4 12. Qa3 d5 13. c5 Qf6 14. Nd3 {0-1 (22) Harmon,F (1766)-Viswanath,G (2082)
San Francisco 2016}) 8... d5 9. a3 Bxc3 10. Bxc3 Nce4 11. Bxf6 Nxf6 12. cxd5
Qxd5 13. Qxd5 Nxd5 14. Bc4 Nb6 15. Bd3 {An uneventful encounter.  Weighted
Error Value: White=0.07/Black=0.03} 1/2-1/2

[Event "LN Tolstoy Memorial 2021"]
[Site "Yasnaya Polyana"]
[Date "2021.09.12"]
[Round "8.1"]
[White "Matlakov, Maxim"]
[Black "Gelfand, Boris"]
[Result "1/2-1/2"]
[WhiteElo "2683"]
[BlackElo "2680"]
[Annotator "TA"]
[PlyCount "81"]
[EventDate "2021.09.11"]
[EventType "tourn"]
[EventCountry "RUS"]
[SourceTitle "playchess.com"]
[Source "ChessBase"]
[SourceQuality "1"]

{[%evp 14,81,8,0,0,0,0,0,0,0,12,10,6,9,13,0,8,0,8,0,1,0,22,0,71,63,77,52,56,43,
89,79,128,125,136,129,127,92,92,92,91,91,92,92,120,109,109,106,109,82,135,133,
125,119,141,139,134,95,101,81,107,58,58,53,74,69,87,20,24,16]} 1. d4 Nf6 2. c4
e6 3. Nf3 d5 4. Nc3 c6 5. e3 Nbd7 6. Be2 Bd6 7. O-O O-O 8. b3 b6 {D45:
Semi-Slav: 5 e3.} 9. Bb2 Bb7 10. Bd3 Rc8 {The position is equal.} 11. Rc1 c5
12. cxd5 Nxd5 13. Nxd5 Bxd5 14. Qe2 cxd4 {[#]} 15. Nxd4 $146 ({Predecessor:} 
15. Rxc8 Qxc8 16. e4 Bb7 17. Nxd4 Qb8 18. h3 Nc5 19. Bc2 Ba6 20. Qg4 Bh2+ 21.
Kh1 {1/2-1/2 (30) Zubarev,A (2478)-Moiseenko,A (2419) Alushta 1999}) 15... Qh4
{[%csl Gd6][%cal Rh4h2]} 16. h3 Nc5 17. Bc4 {Black must now prevent Bxd5.} Bb7
18. Rfd1 Bb8 (18... Rfd8 $11 {keeps the balance.}) 19. b4 $16 Ne4 {[#]} 20. Bb5
$1 Rxc1 21. Rxc1 Qe7 22. Bc6 Nf6 23. Bxb7 Qxb7 24. Nc6 {Threatens to win with
Bxf6.} Nd5 25. Nxb8 Rxb8 26. Qg4 {[%csl Gb2][%cal Rg4g7]} f5 27. Qd4 Re8 28. b5
(28. a4 {seems wilder.} h6 29. Qe5 Qf7 30. Rc6 Kh7 31. b5) 28... e5 29. Qc4 {
Rd1 is the strong threat.} Qf7 30. a4 h6 31. Qb3 e4 (31... Kh7 $142) 32. Rd1
Nf6 33. Qc2 Kh7 34. Rd6 Re6 {[#]} 35. Qc4 $1 {[%mdl 512]} Re7 36. Qxf7 Rxf7 37.
Bd4 Rd7 38. Rc6 Nd5 39. Kh2 Nb4 {[#]} 40. Rc8 (40. Re6 $1 $16) 40... Nd3 $11
41. Rc2 {Weighted Error Value: White=0.11/Black=0.12} 1/2-1/2